Statistics for The Flintstones Franchise

Click here to take the quiz!

General Stats

  • This quiz has been taken 11 times
  • The average score is 13 of 72

Answer Stats

TypeYearNameInfo% Correct
Comic Series1977-1979Hanna-Barbera's The FlintstonesMarvel Comics
100%
TV Show1960-1966The FlintstonesABC
100%
Comic Series1995-1997The FlintstonesArchie Comics
100%
Comic Strip1961-Late 1990sThe FlintstonesMcNaught Syndicate / Editors Press Service
100%
Video Game1988The FlintstonesGrandslam Entertainments
100%
Comic Series1992-1994The FlintstonesHarvey Comics
100%
Video Game1993The FlintstonesTaito / Sega
100%
Film1994The FlintstonesUniversal
100%
Video Game1994The FlintstonesOcean Software
100%
Comic Series2016-2017The FlintstonesDC Comics
100%
Comic Series1962-1970The FlintstonesWestern Publishing
100%
Video Game2002The Flintstones in Viva Rock VegasMidas Interactive
44%
Film2000The Flintstones in Viva Rock VegasUniversal
44%
TV Show1972-1974The Flintstone Comedy HourCBS
11%
TV Show1986-1988The Flintstone KidsABC
11%
Film1966The Man Called FlintstoneColumbia
11%
TV Show1971-1972The Pebbles and Bamm-Bamm ShowCBS
11%
Web Series2020Yabba-Dabba DinosaursBoomerang
11%
Video Game1986Yabba Dabba Doo!Quicksilva
11%
TV Special1977A Flintstone ChristmasNBC
0%
TV Special1993A Flintstone Family ChristmasABC
0%
TV Film1994A Flintstones Christmas CarolABC
0%
Filmstrip1979Bamm-Bamm: Information PleaseRADMAR, Inc.
0%
Filmstrip1978Bamm-Bamm: Term PaperRADMAR, Inc.
0%
Theme Park????-1990sBedrock CityCharlotte, North Carolina
0%
Theme Park1972-2019Bedrock CityValle, Arizona
0%
Theme Park1966-2015Bedrock CityCuster, South Carolina
0%
TV Show1996Cave KidsCartoon Network
0%
TV Short1995Dino: Stay Out!Cartoon Network
0%
TV Short1997Dino: The Great Egg-ScapeCartoon Network
0%
TV Film1977Energy: A National IssueSyndication
0%
Theme Park1968-1998Flintstone ParkKelowna, British Columbia
0%
Filmstrip1980Flintstones: A Weighty ProblemRADMAR, Inc.
0%
Filmstrip1980Flintstones: Driving GuideRADMAR, Inc.
0%
Filmstrip1980Flintstones: Fire AlarmRADMAR, Inc.
0%
Filmstrip1980Flintstones: Fire EscapeRADMAR, Inc.
0%
Video Game1994Flintstones/Jetsons: Time WarpPhilips Media
0%
TV Show1979-1980Fred and Barney Meet the ShmooNBC
0%
TV Show1979Fred and Barney Meet the ThingNBC
0%
TV Show1977-1978Fred Flintstone and FriendsSyndication
0%
Video Game1994Fred Flintstone's Memory WatchCoastal Amusements
0%
TV Special1989Hanna-Barbera's 50th: A Yabba Dabba Doo CelebrationTNT
0%
TV Film1993Hollyrock-a-Bye BabyABC
0%
TV Film1993I Yabba-Dabba Do!ABC
0%
TV Show1980-1981The Flintstone Comedy ShowNBC
0%
TV Show1982-1984The Flintstone FunniesNBC
0%
TV Special1988The Flintstone Kids' "Just Say No" SpecialABC
0%
TV Special1986The Flintstones' 25th Anniversary CelebrationCBS
0%
Comic Mini-Series1987-1988The Flintstones 3-DBlackthorne Publishing
0%
Comic Series1970-1977The Flintstones and PebblesCharlton Comics
0%
Comic Series1997-1999The Flintstones and the JetsonsDC Comics
0%
Video Game2000The Flintstones: Bedrock BowlingUbisoft / South Peak Interactive
0%
Video Game2006The Flintstones: Bedrock RacingBlast! Entertainment
0%
Video Game2001The Flintstones: Big Trouble in BedrockConspiracy Entertainment
0%
Video Game2000The Flintstones: BurgerTime in BedrockElectro Source
0%
Video Game1990The Flintstones: Dino: Lost in BedrockHi Tech Expressions
0%
TV Special1980The Flintstones: Fred's Final FlingNBC
0%
TV Special1981The Flintstones: Jogging FeverNBC
0%
Comic Series1987-1989The Flintstones KidsMarvel Comics
0%
Video Game1993The Flintstones: King Rock Treasure IslandMobyGames
0%
TV Special1978The Flintstones: Little Big LeagueNBC
0%
TV Special1979The Flintstones Meet Rockula and FrankenstoneNBC
0%
TV Special1980The Flintstones' New NeighborsNBC
0%
TV Special1973The Flintstones on IceCBS
0%
TV Film2001The Flintstones: On the RocksCartoon Network
0%
Video Game1994The Flintstones: Surprise at Dinosaur PeakTaito
0%
Video Game1991The Flintstones: The Rescue of Dino & HappyTaito / Mattel
0%
Video Game1994The Flintstones: The Treasure of Sierra MadrockTaito
0%
TV Special1981The Flintstones: Wind-Up WilmaNBC
0%
Film2015The Flintstones & WWE: Stone Age SmackDown!Warner Bros.
0%
TV Film1987The Jetsons Meet the FlintstonesSyndication
0%
TV Show1979The New Fred and Barney ShowNBC
0%

Score Distribution

Percentile by Number Answered

Percent of People with Each Score

Your Score History

You have not taken this quiz